| 000 | 00587nam a2200193Ia 4500 | ||
|---|---|---|---|
| 005 | 20260114185748.0 | ||
| 008 | 008 260114s9999 xx 000 0 eng d | ||
| 020 | _a9781350122253 | ||
| 037 | _aEBOOK | ||
| 040 |
_aCRL _beng _cCRL |
||
| 041 |
_aeng _2eng |
||
| 084 | _qCRL | ||
| 100 |
_aRosalyn Driscoll _9874087 |
||
| 245 | 4 | _aThe Sensing Body in the Visual Arts Making and Experiencing Sculpture | |
| 260 |
_bBloomsbury _c2020 |
||
| 856 | _uhttps://doi.org/10.5040/9781350122253?locatt=label:secondary_bloomsburyCollections | ||
| 942 | _cEBOOK | ||
| 999 |
_c1473023 _d1473023 |
||